000
00254 a2200097 4500
020
_a
9789370987197
100
_a
V. Musafar Ahammed
245
_a
Balcon murivukal(ബാൾക്കൻ മുറിവുകൾ)
260
_b
D C books
_c
2026
942
_c
OO
999
_c
115334
_d
115333